000 00682nam a22002297a 4500
003 UA-OsUOA
001 106378
007 ta
008 20140515b un ||||| |||| 00| 0 ukr d
090 _a94(477).075
_bГ61
942 _cBK
040 _aUA-OsUOA
_bukr
_cUA-OsUOA
_dUA-OsUOA
245 _aГолодомор 1932 - 1933 років в Україні
_bнавчальний посібник
_cза ред. С. А. Костя
300 _a376 с.
955 _a2
041 _aukr
080 _a94(477).075
020 _a978-966-613-971-2
260 _aЛьвів
_bЛНУ
_c2012
650 7 _a9 Географія. Біографії. Історія
_2UDC
999 _c392498
_d392498